| 000 | 00551nam a2200229Ia 4500 | ||
|---|---|---|---|
| 003 | OSt | ||
| 005 | 20220916111031.0 | ||
| 006 | a|||||r|||| 00| 0 | ||
| 007 | ta | ||
| 008 | 220915b |||||||| |||| 00| 0 eng d | ||
| 024 | _a124136 | ||
| 037 | _cTextbook | ||
| 040 |
_beng _aARTS _cARTS |
||
| 041 | _aeng | ||
| 082 | _aV671:1:N7, K8 | ||
| 100 | _aVatikiotis P J | ||
| 245 | 0 | _aEgypt since the revolution | |
| 260 | _c1968 | ||
| 650 | _aHISTORY | ||
| 942 |
_hV671:1:N7, K8 _cTB _2CC |
||
| 999 |
_c104026 _d104026 |
||